| 000 | 00392nam a2200169Ia 4500 | ||
|---|---|---|---|
| 008 | 230524s9999 xx 000 0 und d | ||
| 082 |
_a530.12 _bGUP |
||
| 100 | _aS.L.Gupta | ||
| 245 | 0 | _aQuantum Mechanics | |
| 250 | _a23TH | ||
| 260 |
_aNEW DELHI _bJayprakash _c2004 |
||
| 300 | _aVIII;716 | ||
| 500 | _aQuantity Number: 5 | ||
| 650 | _aPhysics | ||
| 700 | _a V. Kumar. | ||
| 942 | _cBK | ||
| 999 |
_c22847 _d22847 |
||